banner koha

Solutions to conserve the vase life of Heliconia ‘Tropics (Registro n. 338160)

MARC details
000 -LÍDER
fixed length control field 03971nab a2200277 i 4500
003 - CÓDIGO MARC DA AGÊNCIA CATALOGADORA
Campo de controle BR-BrBNA
005 - DATA E HORA DA ÚLTIMA ATUALIZAÇÃO
Campo de controle 20250913175915.0
008 - CAMPO DE TAMANHO FIXO
fixed length control field 250913b2021 bl.qr|pooa||| 00| 0 eng |
040 ## - FONTE DA CATALOGAÇÃO
Agência catalogadora BR-BrBNA
Idioma da catalogação eng
072 ## - CATEGORIA AGRIS
Código AGRIS F01
100 ## - ENTRADA PRINCIPAL - NOME PESSOAL
Nome pessoal Alvarado, Gisela Carrera
100 ## - ENTRADA PRINCIPAL - NOME PESSOAL
Nome pessoal Baltazar-Bernal, Obdulia
245 ## - TÍTULO PRINCIPAL
Título principal Solutions to conserve the vase life of Heliconia ‘Tropics
500 ## - NOTA GERAL
Nota geral <br/><br/>Publicação online; 27 ref.; 4 tables; 3 illus.; Summaries (En, Pt)
942 ## - ADDED ENTRY ELEMENTS (KOHA)
Koha item type Analítica
520 ## - NOTA DE RESUMO
Nota de conteúdo <br/><br/><br/>ABSTRACT: Heliconia ‘Tropics’ has high market acceptance and blooms year-round. Still, there is little information on solutions to prolong its vase life. The objective of this research was to assess pulse solutions to prolong the vase life of Heliconia ‘Tropics’ in three cutting stages. Floral stems in a closed, semi-open and commercial grown stages from three years old plants grown in an outdoor setting were evaluated. Three experiments were evaluated: sucrose at 10, 20 and 30% (w/v); Hydraflor® 100 at 0.25, 0.50 and 0.75 g L-1; and citric acid (CA) at 25, 50, 100, 150 and 200 ppm, and a control (tap water). The floral opening, fresh weight of the floral stems, solution consumption and vase life were measured every two days. Based on the best results of these experiments, the following combinations were assessed: 10% sucrose + 0.50 g L-1 Hydraflor® 100; 10% sucrose + 150 ppm CA; 10% sucrose + 0.50 g L-1 Hydraflor® 100 + 150 ppm CA; 0.50 g L-1 of Hydraflor® 100 + 150 ppm CA and a control. A 10% sucrose + 0.50 g L-1 of Hydraflor® 100 pulse for 24 h had a 22.8-day vase life and was superior to the floral stems in the control treatment (15.6 days) at the semi-open cut stage. This was associated with greater water consumption, lower fresh weight loss<br/>and greater floral opening. <br/><br/><br/>Keywords: Heliconia psittacorum x H. spathocircinata, tropical flowers, sucrose, Hydraflor® 100, citric acid, pulse solution
520 ## - NOTA DE RESUMO
Nota de conteúdo <br/><br/><br/>RESUMO: Heliconia ‘Tropics’ tem boa aceitação no mercado e floresce o ano todo. Mesmo assim, há poucas informações sobre soluções para prolongar sua vida de vaso. O objetivo desta pesquisa foi avaliar soluções conservantes para prolongar a vida de vaso de Heliconia ‘Tropics’ em três estágios de corte. Foram avaliados caules florais em estágios de flores fechadas, semiabertas e comerciais de plantas de três anos, cultivadas em ambiente aberto. Foram avaliados três experimentos: sacarose a 10, 20 e 30% (p/v); Hydraflor® 100 a 0,25, 0,50 e 0,75 g L-1; e ácido cítrico (CA) a 25, 50, 100, 150 e 200 ppm, e um controle (água de torneira). A abertura floral, a massa fresca dos caules florais, o consumo de solução e a vida de vaso foram medidos a cada dois dias. Baseado nos melhores resultados desses experimentos, as seguintes combinações foram avaliadas: 10% sacarose + 0,50 g L-1 de Hydraflor® 100; 10% de sacarose + 150 ppm CA; 10% de sacarose + 0,50 g L-1 de Hydraflor® 100 + 150 ppm CA; 0,50 g L-1 de Hydraflor® 100 + 150 ppm CA e um controle. Sacarose a 10% + 0,50 g L-1 de Hydraflor® 100 conservantes por 24 h resultou em vida de vaso de 22,8 dias e foi superior às hastes florais do tratamento controle (15,6 dias) na fase de corte semiaberto. Isso foi associado ao maior consumo de água, menor perda de massa fresca e maior abertura floral.<br/><br/><br/>Palavras-chave: Heliconia psittacorum x H. spathocircinata, flores tropicais, sacarose, Hydraflor® 100, ácido citrico, solução para vaso.
650 ## - ASSUNTO - THESAGRO
Cabeçalho tópico ou nome geográfico HELICÔNIA
650 ## - ASSUNTO - THESAGRO
Cabeçalho tópico ou nome geográfico PLANTA ORNAMENTAL
650 ## - ASSUNTO - THESAGRO
Cabeçalho tópico ou nome geográfico PRÁTICA CULTURAL
650 ## - ASSUNTO - THESAGRO
Cabeçalho tópico ou nome geográfico SACAROSE
650 ## - ASSUNTO - THESAGRO
Cabeçalho tópico ou nome geográfico ÁCIDO CÍTRICO
773 0# - ENTRADA ANALÍTICA
Host Biblionumber 1047
Registro do item 357913
Imprenta Brasília-DF Sociedade de Olericultura do Brasil 1983
Outro identificador 2025-5878
Título Horticultura Brasileira (Brazil)
ISSN 0102-0536
Colação v. 39(4) p. 349-356; (2021)
Número de controle de registro BR2025001954
856 ## - ACESSO E ENDEREÇO ELETRÔNICO
Identificador uniforme de recurso - URI https://www.scielo.br/j/hb/a/5zmh7NNMygFGGqNMvstqYYM/?format=pdf&lang=en

Nenhum exemplar disponível.

BINAGRI

Telefone: (61)3218-2567/2388/3357/2097 - binagri@agro.gov.br

Ministério da Agricultura e Pecuária , Esplanada dos Ministérios, Bloco D, Anexo B, Brasília/DF, CEP: 70.043-900